Osobné počítače v lokálnych a územne rozložených počítačových sieťach Tatranská Štrba-Meander 14.-18.5. 1990. Zborník prednášok

Guardado en:
Detalles Bibliográficos
Formato: Libro
Lenguaje:eslovaco
Publicado: Žilina Dom techn. ČSVTS 1990
Edición:1. vyd.
Etiquetas: Agregar Etiqueta
Sin Etiquetas, Sea el primero en etiquetar este registro!

MARC

LEADER 00000nam a2200000 4500
001 c030418
005 20221215071057.9
041 0 |a slo 
044 |a SK 
245 1 0 |a Osobné počítače v lokálnych a územne rozložených počítačových sieťach  |b Tatranská Štrba-Meander 14.-18.5. 1990. Zborník prednášok 
250 |a 1. vyd. 
264 1 |a Žilina  |b Dom techn. ČSVTS  |c 1990 
300 |a 120 s.